书目信息 |
| 题名: |
展示设计材料与构造
|
|
| 作者: | 胡雨霞 主编 ;孟培 编 | |
| 分册: | ||
| 出版信息: | 北京 中国轻工业出版社 2013.01 |
|
| 页数: | 120页 | |
| 开本: | 29cm | |
| 丛书名: | ||
| 单 册: | ||
| 中图分类: | J525.2 | |
| 科图分类: | ||
| 主题词: | 陈列设计--装饰材料--高等教育--教材 , 陈列设计 , 装饰材料 | |
| 电子资源: | ||
| ISBN: | 978-7-5019-8827-3 | |
| 000 | 00941nam0 2200277 450 | |
| 001 | 010010105447 | |
| 005 | 20130627155013.40 | |
| 010 | @a978-7-5019-8827-3@dCNY42.00 | |
| 100 | @a20121025d2013 em y0chiy50 ea | |
| 101 | 0 | @achi |
| 102 | @aCN@b110000 | |
| 105 | @aa z 000yy | |
| 106 | @ar | |
| 200 | 1 | @a展示设计材料与构造@9zhan shi she ji cai liao yu gou zao@f胡雨霞主编@g孟培[等]编 |
| 210 | @a北京@c中国轻工业出版社@d2013.01 | |
| 215 | @a120页@c图@d29cm | |
| 300 | @a高等教育艺术设计类规划教材 | |
| 330 | @a本书主要讲述现代展示设计材料的品种、构造与施工,所列展示材料的品种丰富,涵盖内容全面,对展示材料的细致分析,由材料特性推演出构造要点,再分析施工工艺。 | |
| 606 | 0 | @a陈列设计@x装饰材料@x高等教育@j教材 |
| 606 | 0 | @a陈列设计 |
| 606 | 0 | @a装饰材料 |
| 690 | @aJ525.2@v5 | |
| 701 | 0 | @a胡雨霞@9hu yu xia@4主编 |
| 702 | 0 | @a孟培@9meng pei@4编 |
| 801 | 0 | @aCN@bRENTIAN@c20121025 |
| 905 | @b546956-59@dJ525.2@e327@f4 | |
| 展示设计材料与构造/胡雨霞主编/孟培[等]编.-北京:中国轻工业出版社,2013.01 |
| 120页:图;29cm |
| 高等教育艺术设计类规划教材 |
| ISBN 978-7-5019-8827-3:CNY42.00 |
| 本书主要讲述现代展示设计材料的品种、构造与施工,所列展示材料的品种丰富,涵盖内容全面,对展示材料的细致分析,由材料特性推演出构造要点,再分析施工工艺。 |
| ● |
| 相关链接 |
|
|
|
|
正题名:展示设计材料与构造
索取号:J525.2/327
 
预约/预借
| 序号 | 登录号 | 条形码 | 馆藏地/架位号 | 状态 | 备注 |
| 1 | 546956 | 205469562 | 第一样本阅览室/ [索取号:J525.2/327] | 在馆 | |
| 2 | 546957 | 205469571 | 第一借阅区/ [索取号:J525.2/327] | 在馆 | |
| 3 | 546958 | 205469580 | 第一借阅区/ [索取号:J525.2/327] | 在馆 | |
| 4 | 546959 | 205469599 | 第一借阅区/ [索取号:J525.2/327] | 在馆 |